Art of the romantic era; (Record no. 76941)
[ view plain ]
| 000 -LEADER | |
|---|---|
| fixed length control field | 01006cam a22003131 4500 |
| 001 - CONTROL NUMBER | |
| control field | 76941 |
| 003 - CONTROL NUMBER IDENTIFIER | |
| rucl marc code | BD-RjUL |
| 005 - DATE AND TIME OF LATEST TRANSACTION | |
| control field | 20211209082916.0 |
| 008 - FIXED-LENGTH DATA ELEMENTS--GENERAL INFORMATION | |
| fixed length control field | 200207s1966 nyua b 000 0 eng |
| 035 ## - SYSTEM CONTROL NUMBER | |
| System control number | (BD-RjUL) |
| 040 ## - CATALOGING SOURCE | |
| Original cataloging agency | DLC |
| Transcribing agency | DLC |
| Modifying agency | DLC |
| Language of cataloging | eng |
| 041 1# - LANGUAGE CODE | |
| Language code of text/sound track or separate title | engfre |
| 082 00 - DEWEY DECIMAL CLASSIFICATION NUMBER | |
| Classification number | 709.034 |
| Edition number | 23 |
| Author mark and year | BRA 1966 |
| 100 1# - MAIN ENTRY--PERSONAL NAME | |
| Personal name | Brion, Marcel, |
| Dates associated with a name | 1895-1984. |
| 9 (RLIN) | 239006 |
| 245 10 - TITLE STATEMENT | |
| Title | Art of the romantic era; |
| Remainder of title | romanticism, classicism, realism / |
| Statement of responsibility, etc. | Marcel Brion |
| 260 ## - PUBLICATION, DISTRIBUTION, ETC. (IMPRINT) | |
| Place of publication, distribution, etc. | London : |
| Name of publisher, distributor, etc. | Thames and Hudson , |
| Date of publication, distribution, etc. | [1966] |
| 300 ## - PHYSICAL DESCRIPTION | |
| Pagination | 286 p. : |
| Illustrations | illus. (part col.) ; |
| Size | 22 cm. |
| 490 0# - SERIES STATEMENT | |
| Series statement | Praeger world of art series ; |
| 500 ## - GENERAL NOTE | |
| General note | Translation of L'art romantique. |
| 504 ## - BIBLIOGRAPHY, ETC. NOTE | |
| Bibliography, etc | Bibliography: p. 267-268. |
| 650 #0 - SUBJECT ADDED ENTRY--TOPICAL TERM | |
| Topical term or geographic name as entry element | Painting, Modern |
| Chronological subdivision | 19th century. |
| 9 (RLIN) | 239007 |
| Topical term or geographic name as entry element | Romanticism in art. |
| 9 (RLIN) | 239008 |
| Topical term or geographic name as entry element | Art and society. |
| 9 (RLIN) | 239009 |
| 906 ## - LOCAL DATA ELEMENT F, LDF (RLIN) | |
| a | 7 |
| b | cbc |
| c | orignew |
| d | u |
| e | ocip |
| f | 19 |
| g | y-gencatlg |
| 942 ## - ADDED ENTRY ELEMENTS (KOHA) | |
| Source of classification or shelving scheme | Dewey Decimal Classification |
| Koha item type | Books |
| Lost status | Source of classification or shelving scheme | Damaged status | Not for loan | Collection code | Permanent Location | Current Location | Shelving location | Date acquired | Source of acquisition | Cost, normal purchase price | Total Checkouts | Full call number | Date last seen | Copy number | Koha item type |
|---|---|---|---|---|---|---|---|---|---|---|---|---|---|---|---|
| Dewey Decimal Classification | Not For Loan | Non-fiction | Central Library, University of Rajshahi | Central Library, University of Rajshahi | Reading Room | 14/08/1972 | Paramount book corporation | 23.10 | 709.034 BRA 1966 | 08/02/2020 | C-1 | Books |